[Event "Asian Nations Cup"]
[Site "http://asianchess.com/live/mnations/anco/"]
[Date "2016.03.31"]
[Round "4"]
[Board "1"]
[White "Ghaem Maghami, Ehsan"]
[Black "Bu, Xiangzhi"]
[Result "0-1"]
[WhiteElo "2549"]
[BlackElo "2724"]
[PlyCount "0"]
[EventDate "2016.03.28"]
[EventType "team"]
[EventRounds "9"]
[EventCountry "UAE"]
[WhiteTeam "Iran"]
[BlackTeam "China"]

1. d4 {[%clk 1:30:44]} Nf6 {[%clk 1:30:35]} 2. Nf3 {[%clk 1:30:51]} e6
{[%clk 1:29:11]} 3. c4 {[%clk 1:31:07]} d5 {[%clk 1:29:28]} 4. g3
{[%clk 1:30:55]} dxc4 {[%clk 1:29:41]} 5. Bg2 {[%clk 1:28:59]} Nc6
{[%clk 1:28:23]} 6. Qa4 {[%clk 1:28:41]} Bb4+ {[%clk 1:28:23]} 7. Bd2
{[%clk 1:28:36]} Nd5 {[%clk 1:27:55]} 8. Bxb4 {[%clk 1:19:51]} Ndxb4
{[%clk 1:20:29]} 9. O-O {[%clk 1:09:40]} Rb8 {[%clk 1:09:40]} 10. Na3
{[%clk 1:04:01]} O-O {[%clk 1:07:42]} 11. Qb5 {[%clk 1:04:14]} b6
{[%clk 1:07:08]} 12. Qxc4 {[%clk 1:02:47]} Ba6 {[%clk 1:07:34]} 13. Nb5
{[%clk 1:03:02]} Qd5 {[%clk 1:07:19]} 14. Qxd5 {[%clk 1:00:28]} Nxd5
{[%clk 1:06:03]} 15. a4 {[%clk 0:57:24]} Na5 {[%clk 1:04:40]} 16. Ne5
{[%clk 0:45:58]} Rbd8 {[%clk 1:04:58]} 17. Bxd5 {[%clk 0:39:22]} Bxb5
{[%clk 0:53:08]} 18. axb5 {[%clk 0:14:09]} Rxd5 {[%clk 0:53:28]} 19. Ra4
{[%clk 0:11:39]} f6 {[%clk 0:37:03]} 20. Nc6 {[%clk 0:09:52]} Nxc6
{[%clk 0:35:34]} 21. bxc6 {[%clk 0:10:21]} a5 {[%clk 0:35:59]} 22. e3
{[%clk 0:08:38]} Rb5 {[%clk 0:35:04]} 23. b4 {[%clk 0:06:15]} Rxb4
{[%clk 0:33:12]} 24. Rxb4 {[%clk 0:06:31]} axb4 {[%clk 0:33:39]} 25. Rb1
{[%clk 0:05:11]} Ra8 {[%clk 0:34:04]} 26. Rxb4 {[%clk 0:04:56]} Kf7
{[%clk 0:33:57]} 27. Kg2 {[%clk 0:02:37]} Ke7 {[%clk 0:34:15]} 28. e4
{[%clk 0:02:19]} Kd6 {[%clk 0:34:41]} 29. Rc4 {[%clk 0:02:33]} f5
{[%clk 0:34:13]} 30. Kf3 {[%clk 0:00:54]} fxe4+ {[%clk 0:33:37]} 31. Kxe4
{[%clk 0:01:18]} Ra2 {[%clk 0:34:06]} 32. f4 {[%clk 0:00:35]} Re2+
{[%clk 0:33:55]} 33. Kf3 {[%clk 0:01:00]} Rxh2 {[%clk 0:34:22]} 34. Ke4
{[%clk 0:01:19]} Re2+ {[%clk 0:34:37]} 35. Kf3 {[%clk 0:01:42]} Re1
{[%clk 0:34:50]} 36. g4 {[%clk 0:01:42]} Kd5 {[%clk 0:34:21]} 37. Rc2
{[%clk 0:02:06]} h6 {[%clk 0:34:11]} 38. g5 {[%clk 0:01:43]} hxg5
{[%clk 0:31:12]} 39. fxg5 {[%clk 0:02:12]} Rg1 {[%clk 0:31:32]} 40. Kf4
{[%clk 0:02:32]} g6 {[%clk 0:31:24]} 41. Re2 {[%clk 0:29:52]} Rc1
{[%clk 1:00:01]} 0-1

[Event "Asian Nations Cup"]
[Site "http://asianchess.com/live/mnations/anco/"]
[Date "2016.03.31"]
[Round "4"]
[Board "4"]
[White "Bilguun, Sumiya"]
[Black "Nguyen, Anh Khoi"]
[Result "1/2-1/2"]
[WhiteElo "2363"]
[BlackElo "2412"]
[PlyCount "0"]
[EventDate "2016.03.28"]
[EventType "team"]
[EventRounds "9"]
[EventCountry "UAE"]
[WhiteTeam "Mongolia"]
[BlackTeam "Vietnam"]

1. e4 {[%clk 1:30:56]} c5 {[%clk 1:30:53]} 2. Nf3 {[%clk 1:31:12]} d6
{[%clk 1:31:17]} 3. d4 {[%clk 1:31:27]} cxd4 {[%clk 1:31:41]} 4. Nxd4
{[%clk 1:31:39]} Nf6 {[%clk 1:32:06]} 5. Nc3 {[%clk 1:31:58]} a6 {[%clk 1:32:33]}
6. Bg5 {[%clk 1:32:09]} e6 {[%clk 1:32:52]} 7. f4 {[%clk 1:32:04]} h6
{[%clk 1:33:01]} 8. Bh4 {[%clk 1:30:44]} Be7 {[%clk 1:33:15]} 9. Qf3
{[%clk 1:29:22]} Qc7 {[%clk 1:33:14]} 10. O-O-O {[%clk 1:18:33]} Nbd7
{[%clk 1:33:20]} 11. Bd3 {[%clk 1:03:45]} g5 {[%clk 1:33:27]} 12. fxg5
{[%clk 1:02:51]} Ne5 {[%clk 1:33:49]} 13. Qe2 {[%clk 1:02:44]} Nfg4
{[%clk 1:33:34]} 14. Kb1 {[%clk 1:00:55]} hxg5 {[%clk 1:32:57]} 15. Bg3
{[%clk 1:00:08]} b5 {[%clk 1:27:29]} 16. Rdf1 {[%clk 0:57:10]} Nf6
{[%clk 1:16:14]} 17. Nf3 {[%clk 0:48:54]} b4 {[%clk 1:01:22]} 18. Nd1
{[%clk 0:48:16]} Nh5 {[%clk 0:58:39]} 19. Bxe5 {[%clk 0:38:58]} dxe5
{[%clk 0:58:55]} 20. g3 {[%clk 0:39:17]} Bb7 {[%clk 0:47:07]} 21. Ne3
{[%clk 0:38:59]} f6 {[%clk 0:20:55]} 22. Rhg1 {[%clk 0:24:08]} Bc5
{[%clk 0:15:49]} 23. Nd2 {[%clk 0:21:19]} Ke7 {[%clk 0:12:43]} 24. Re1
{[%clk 0:16:58]} a5 {[%clk 0:11:25]} 25. Ndc4 {[%clk 0:13:31]} a4
{[%clk 0:10:53]} 26. Rgf1 {[%clk 0:12:43]} Bd4 {[%clk 0:08:06]} 27. Qd2
{[%clk 0:12:32]} Qc5 {[%clk 0:08:06]} 28. c3 {[%clk 0:07:42]} bxc3
{[%clk 0:08:25]} 29. bxc3 {[%clk 0:08:03]} Bxe3 {[%clk 0:07:36]} 30. Qxe3
{[%clk 0:08:22]} Rac8 {[%clk 0:06:33]} 31. Kc2 {[%clk 0:07:42]} Rhd8
{[%clk 0:03:55]} 32. Qxc5+ {[%clk 0:07:29]} Rxc5 {[%clk 0:04:24]} 33. Ne3
{[%clk 0:07:25]} Ng7 {[%clk 0:03:15]} 34. Rf2 {[%clk 0:04:44]} Ne8
{[%clk 0:02:43]} 35. Ref1 {[%clk 0:03:21]} Rc7 {[%clk 0:01:30]} 36. Ng4
{[%clk 0:02:17]} Rxd3 {[%clk 0:00:45]} 37. Kxd3 {[%clk 0:02:18]} Ba6+
{[%clk 0:01:15]} 38. Kc2 {[%clk 0:01:08]} Bxf1 {[%clk 0:01:40]} 39. Rxf1
{[%clk 0:01:38]} Rb7 {[%clk 0:01:05]} 40. h4 {[%clk 0:00:46]} gxh4
{[%clk 0:01:21]} 41. gxh4 {[%clk 0:01:11]} Rb8 {[%clk 0:19:54]} 42. Rf2
{[%clk 0:28:32]} a3 {[%clk 0:17:43]} 43. Kd3 {[%clk 0:25:19]} Rb1
{[%clk 0:17:27]} 44. Rh2 {[%clk 0:23:36]} Rg1 {[%clk 0:12:36]} 45. Ne3
{[%clk 0:23:35]} Nd6 {[%clk 0:10:07]} 46. h5 {[%clk 0:23:02]} Rg8
{[%clk 0:08:40]} 47. h6 {[%clk 0:15:46]} Nf7 {[%clk 0:08:46]} 48. h7
{[%clk 0:08:09]} Rd8+ {[%clk 0:07:50]} 49. Ke2 {[%clk 0:07:20]} Rh8
{[%clk 0:08:08]} 50. Nc4 {[%clk 0:07:03]} Ng5 {[%clk 0:08:00]} 51. Ke3
{[%clk 0:07:16]} Nxh7 {[%clk 0:07:48]} 52. Nxa3 {[%clk 0:07:29]} Kf7
{[%clk 0:08:12]} 53. Nb5 {[%clk 0:05:09]} Kg6 {[%clk 0:08:08]} 54. Nd6
{[%clk 0:03:37]} Ra8 {[%clk 0:07:33]} 55. Rd2 {[%clk 0:01:47]} Ng5
{[%clk 0:07:34]} 56. Ke2 {[%clk 0:01:30]} f5 {[%clk 0:05:15]} 57. c4
{[%clk 0:01:38]} Ra3 {[%clk 0:04:40]} 58. Rc2 {[%clk 0:01:14]} Nf3
{[%clk 0:02:59]} 59. exf5+ {[%clk 0:01:38]} exf5 {[%clk 0:03:27]} 60. Nb5
{[%clk 0:02:00]} Nd4+ {[%clk 0:03:38]} 61. Nxd4 {[%clk 0:02:22]} exd4
{[%clk 0:04:07]} 62. Rd2 {[%clk 0:01:48]} Kf6 {[%clk 0:04:23]} 63. Rxd4
{[%clk 0:02:03]} Rxa2+ {[%clk 0:04:52]} 64. Kf3 {[%clk 0:02:25]} Ke5 65. Ke4+
 1/2-1/2

[Event "Asian Nations Cup"]
[Site "http://asianchess.com/live/mnations/anco/"]
[Date "2016.03.31"]
[Round "4"]
[Board "2"]
[White "Tologontegin, Semetey"]
[Black "Mohammad, Minhaz Uddin"]
[Result "0-1"]
[WhiteElo "2370"]
[BlackElo "2436"]
[PlyCount "0"]
[EventDate "2016.03.28"]
[EventType "team"]
[EventRounds "9"]
[EventCountry "UAE"]
[WhiteTeam "Kyrgyzstan"]
[BlackTeam "Bangladesh"]

1. g3 {[%clk 1:30:57]} Nf6 {[%clk 1:30:23]} 2. Bg2 {[%clk 1:27:17]} e5
{[%clk 1:29:52]} 3. d3 {[%clk 1:26:04]} d5 {[%clk 1:29:53]} 4. Nf3
{[%clk 1:26:24]} Bd6 {[%clk 1:27:23]} 5. O-O {[%clk 1:26:03]} O-O
{[%clk 1:27:32]} 6. Nc3 {[%clk 1:25:20]} c6 {[%clk 1:27:25]} 7. e4
{[%clk 1:25:32]} h6 {[%clk 1:09:28]} 8. h3 {[%clk 1:06:16]} Re8 {[%clk 1:05:34]}
9. a3 {[%clk 1:06:06]} Bf8 {[%clk 1:03:16]} 10. Re1 {[%clk 1:05:32]} dxe4
{[%clk 1:01:06]} 11. dxe4 {[%clk 1:05:54]} Qc7 {[%clk 1:00:05]} 12. b3
{[%clk 0:59:38]} b6 {[%clk 0:53:50]} 13. Bb2 {[%clk 0:48:11]} Rd8
{[%clk 0:50:48]} 14. Qb1 {[%clk 0:45:21]} Be6 {[%clk 0:49:29]} 15. Qa2
{[%clk 0:40:29]} a5 {[%clk 0:45:58]} 16. Rad1 {[%clk 0:39:40]} Rxd1
{[%clk 0:45:45]} 17. Nxd1 {[%clk 0:38:45]} Nfd7 {[%clk 0:46:01]} 18. Qa1
{[%clk 0:35:20]} f6 {[%clk 0:44:37]} 19. Ne3 {[%clk 0:34:38]} b5 {[%clk 0:43:50]}
20. Qd1 {[%clk 0:27:43]} a4 {[%clk 0:42:16]} 21. b4 {[%clk 0:28:07]} Nb6
{[%clk 0:41:49]} 22. Bf1 {[%clk 0:23:00]} Na6 {[%clk 0:39:16]} 23. Nh4
{[%clk 0:23:17]} Rd8 {[%clk 0:38:30]} 24. Qf3 {[%clk 0:23:39]} Qf7
{[%clk 0:38:42]} 25. Bc1 {[%clk 0:21:47]} Nc4 {[%clk 0:33:25]} 26. Nef5
{[%clk 0:11:40]} c5 {[%clk 0:28:06]} 27. c3 {[%clk 0:11:35]} cxb4
{[%clk 0:28:30]} 28. cxb4 {[%clk 0:12:03]} Nb8 {[%clk 0:28:21]} 29. Qg4
{[%clk 0:08:29]} Kh7 {[%clk 0:28:33]} 30. Rd1 {[%clk 0:08:54]} Rxd1
{[%clk 0:27:57]} 31. Qxd1 {[%clk 0:09:19]} Nc6 {[%clk 0:27:38]} 32. Nf3
{[%clk 0:06:38]} g6 {[%clk 0:23:59]} 33. Ne3 {[%clk 0:06:49]} Nd6
{[%clk 0:23:59]} 34. Bb2 {[%clk 0:05:19]} Qd7 {[%clk 0:23:46]} 35. Qc2
{[%clk 0:05:02]} Ne7 {[%clk 0:22:40]} 36. h4 {[%clk 0:03:52]} h5 {[%clk 0:19:21]}
37. Qc5 {[%clk 0:01:36]} Bh6 {[%clk 0:17:16]} 38. Nd5 {[%clk 0:01:50]} Nxd5
{[%clk 0:17:03]} 39. exd5 {[%clk 0:02:16]} Bf7 {[%clk 0:17:01]} 40. Bxe5
{[%clk 0:00:51]} fxe5 {[%clk 0:13:47]} 41. Nxe5 {[%clk 0:01:07]} Qd8
{[%clk 0:14:14]} 42. Nxf7 {[%clk 0:22:32]} Nxf7 {[%clk 0:45:11]} 43. Bxb5
{[%clk 0:22:51]} Bf8 {[%clk 0:41:51]} 44. Qc6 {[%clk 0:18:09]} Ne5
{[%clk 0:38:59]} 45. Qe6 {[%clk 0:13:24]} Bg7 {[%clk 0:26:17]} 46. Kg2
{[%clk 0:06:28]} Qc7 {[%clk 0:24:08]} 47. Bxa4 {[%clk 0:06:00]} Qc3
{[%clk 0:23:47]} 48. Be8 {[%clk 0:05:02]} Qf3+ {[%clk 0:16:21]} 49. Kg1
{[%clk 0:05:16]} Qxa3 {[%clk 0:12:49]} 50. b5 {[%clk 0:04:46]} Qb4
{[%clk 0:10:51]} 51. b6 {[%clk 0:02:36]} Qe1+ {[%clk 0:11:04]} 52. Kg2
{[%clk 0:03:02]} Qe4+ {[%clk 0:11:24]} 53. Kf1 {[%clk 0:02:13]} Qb1+
{[%clk 0:10:34]} 54. Kg2 {[%clk 0:02:38]} Qe4+ {[%clk 0:10:56]} 55. Kf1
{[%clk 0:03:05]} Qh1+ {[%clk 0:09:35]} 56. Ke2 {[%clk 0:03:31]} Qb1
{[%clk 0:08:06]} 57. Kd2 {[%clk 0:01:14]} Qd3+ {[%clk 0:07:35]} 58. Kc1
{[%clk 0:01:31]} Qf1+ {[%clk 0:06:44]} 59. Kc2 {[%clk 0:02:01]} Qxf2+
{[%clk 0:07:04]} 60. Kb3 {[%clk 0:02:27]} Qxg3+ {[%clk 0:04:15]} 61. Ka4
{[%clk 0:02:43]} Qxh4+ {[%clk 0:03:05]} 62. Ka5 {[%clk 0:02:55]} Qd8
{[%clk 0:00:37]} 63. Kb5 {[%clk 0:03:11]} Qa8 {[%clk 0:00:43]} 64. Bc6
{[%clk 0:01:50]} Qb8 {[%clk 0:00:58]} 65. d6 {[%clk 0:01:14]} Qd8
{[%clk 0:00:33]} 66. b7 {[%clk 0:01:17]} Bf8 {[%clk 0:00:32]} 67. Qc8
{[%clk 0:00:41]} Qxd6 {[%clk 0:00:32]} 68. b8=Q {[%clk 0:01:05]} Qb4+
{[%clk 0:00:36]} 69. Ka6 {[%clk 0:01:30]} Nxc6 {[%clk 0:00:41]} 70. Qxb4
{[%clk 0:00:34]} Nxb4+ {[%clk 0:01:08]} 71. Kb5 {[%clk 0:01:02]} Kg7
{[%clk 0:01:20]} 72. Qd7+ {[%clk 0:01:08]} Kf6 {[%clk 0:01:43]} 73. Qd4+
{[%clk 0:01:18]} Kf7 {[%clk 0:02:00]} 74. Qf4+ {[%clk 0:01:31]} Kg7
{[%clk 0:02:24]} 75. Qe5+ {[%clk 0:01:26]} Kh7 {[%clk 0:02:03]} 76. Kc5 0-1

[Event "Asian Nations Cup"]
[Site "http://asianchess.com/live/mnations/anco/"]
[Date "2016.03.31"]
[Round "4"]
[Board "1"]
[White "Mohammed, Zozek Salah Mohammed"]
[Black "Aboudi, Marwan"]
[Result "1-0"]
[WhiteElo "2256"]
[BlackElo "2166"]
[PlyCount "0"]
[EventDate "2016.03.28"]
[EventType "team"]
[EventRounds "9"]
[EventCountry "UAE"]
[WhiteTeam "Iraq"]
[BlackTeam "Jordan"]

1. d4 {[%clk 1:30:58]} Nf6 {[%clk 1:30:52]} 2. c4 {[%clk 1:31:23]} e6
{[%clk 1:31:11]} 3. Nc3 {[%clk 1:31:49]} Bb4 {[%clk 1:31:36]} 4. e3
{[%clk 1:32:13]} O-O {[%clk 1:31:59]} 5. Nge2 {[%clk 1:32:38]} d5
{[%clk 1:31:46]} 6. a3 {[%clk 1:25:54]} Bd6 {[%clk 1:32:04]} 7. Ng3
{[%clk 1:25:36]} Nbd7 {[%clk 1:25:46]} 8. cxd5 {[%clk 1:25:20]} exd5
{[%clk 1:25:15]} 9. Nf5 {[%clk 1:16:59]} Nb6 {[%clk 1:25:20]} 10. Bd3
{[%clk 1:17:08]} Re8 {[%clk 1:25:08]} 11. O-O {[%clk 1:16:23]} Bf8
{[%clk 1:20:23]} 12. f3 {[%clk 1:13:12]} Nc4 {[%clk 1:02:23]} 13. Re1
{[%clk 1:10:02]} c5 {[%clk 1:00:03]} 14. b3 {[%clk 0:47:54]} Nd6 {[%clk 0:53:41]}
15. Nxd6 {[%clk 0:47:25]} Bxd6 {[%clk 0:53:34]} 16. dxc5 {[%clk 0:46:43]} Bxc5
{[%clk 0:52:46]} 17. b4 {[%clk 0:44:16]} Bb6 {[%clk 0:39:55]} 18. Na4
{[%clk 0:39:43]} Bc7 {[%clk 0:39:50]} 19. Bb2 {[%clk 0:39:37]} Qd6
{[%clk 0:38:48]} 20. f4 {[%clk 0:35:04]} Bg4 {[%clk 0:34:51]} 21. Qb3
{[%clk 0:30:43]} Ne4 {[%clk 0:32:27]} 22. Nc3 {[%clk 0:20:01]} Nxc3
{[%clk 0:26:00]} 23. Qxc3 {[%clk 0:20:18]} f6 {[%clk 0:26:13]} 24. Qc2
{[%clk 0:14:21]} Bb6 {[%clk 0:24:32]} 25. Qf2 {[%clk 0:10:44]} Re7
{[%clk 0:22:10]} 26. Bd4 {[%clk 0:06:03]} Rae8 {[%clk 0:18:45]} 27. Kf1
{[%clk 0:05:27]} Bh5 {[%clk 0:16:37]} 28. Rac1 {[%clk 0:04:17]} Bg6
{[%clk 0:16:01]} 29. Bb5 {[%clk 0:01:57]} Rd8 {[%clk 0:15:52]} 30. Red1
{[%clk 0:01:53]} Be8 {[%clk 0:11:55]} 31. Be2 {[%clk 0:01:43]} Ba4
{[%clk 0:11:34]} 32. Rd2 {[%clk 0:02:12]} Rc7 {[%clk 0:07:51]} 33. Rxc7
{[%clk 0:01:11]} Qxc7 {[%clk 0:08:05]} 34. Bf3 {[%clk 0:00:59]} Qc1+
{[%clk 0:07:32]} 35. Qe1 {[%clk 0:01:18]} Bb5+ {[%clk 0:07:18]} 36. Kf2
{[%clk 0:01:24]} Qxa3 {[%clk 0:04:42]} 37. Bxb6 {[%clk 0:01:46]} axb6
{[%clk 0:05:07]} 38. Bxd5+ {[%clk 0:01:15]} Kh8 {[%clk 0:03:14]} 39. Bxb7
{[%clk 0:01:39]} Re8 {[%clk 0:03:15]} 40. Rd4 {[%clk 0:01:05]} h6
{[%clk 0:01:16]} 41. Qd2 {[%clk 0:29:30]} f5 {[%clk 0:29:25]} 42. Bf3
{[%clk 0:29:28]} Qa1 {[%clk 0:26:58]} 43. Bh5 {[%clk 0:24:24]} Ra8
{[%clk 0:23:09]} 44. Bg6 {[%clk 0:15:08]} Rf8 {[%clk 0:23:27]} 45. Rd8
{[%clk 0:13:35]} Qf6 {[%clk 0:23:51]} 46. Rxf8+ {[%clk 0:13:54]} Qxf8
{[%clk 0:24:17]} 47. Qd4 {[%clk 0:14:14]} Bc6 {[%clk 0:22:35]} 48. Kg3
{[%clk 0:02:43]} b5 {[%clk 0:15:29]} 49. Qe5 {[%clk 0:02:17]} Bd7
{[%clk 0:14:22]} 50. Qd5 {[%clk 0:01:38]} Qc8 {[%clk 0:11:20]} 51. Qc5
{[%clk 0:01:52]} Qxc5 {[%clk 0:11:15]} 52. bxc5 {[%clk 0:02:22]} Kg8
{[%clk 0:09:35]} 53. Kf2 {[%clk 0:01:41]} Kf8 {[%clk 0:09:09]} 54. Ke2
{[%clk 0:02:01]} Ke7 {[%clk 0:08:12]} 55. Kd3 {[%clk 0:02:21]} Ke6
{[%clk 0:08:03]} 56. Kd4 {[%clk 0:02:21]} Bc6 {[%clk 0:06:41]} 57. g3
{[%clk 0:02:50]} Bg2 {[%clk 0:05:12]} 58. Be8 {[%clk 0:02:05]} Bf1
{[%clk 0:05:23]} 59. Bc6 {[%clk 0:01:57]} Bc4 {[%clk 0:03:21]} 60. Kc3
{[%clk 0:02:16]} g5 {[%clk 0:02:08]} 61. Kb4 {[%clk 0:02:27]} gxf4
{[%clk 0:02:31]} 62. exf4 {[%clk 0:02:39]} h5 {[%clk 0:02:26]} 63. Bxb5
{[%clk 0:02:55]} Kd5 1-0

[Event "Asian Nations Cup"]
[Site "http://asianchess.com/live/mnations/anco/"]
[Date "2016.03.31"]
[Round "4"]
[Board "4"]
[White "Boshra, Alshaeby"]
[Black "Abdulwahhab, Ahmed Abdulsattar"]
[Result "0-1"]
[WhiteElo "2021"]
[BlackElo "2279"]
[PlyCount "0"]
[EventDate "2016.03.28"]
[EventType "team"]
[EventRounds "9"]
[EventCountry "UAE"]
[WhiteTeam "Jordan"]
[BlackTeam "Iraq"]

1. d4 {[%clk 1:30:55]} d5 {[%clk 1:30:43]} 2. c4 {[%clk 1:31:20]} c6
{[%clk 1:31:05]} 3. e3 {[%clk 1:31:47]} Nf6 {[%clk 1:30:52]} 4. Nf3
{[%clk 1:31:54]} Bf5 {[%clk 1:30:40]} 5. Qb3 {[%clk 1:31:40]} Qb6
{[%clk 1:31:00]} 6. Nc3 {[%clk 1:31:43]} e6 {[%clk 1:31:06]} 7. Nh4
{[%clk 1:31:00]} Be4 {[%clk 1:29:45]} 8. f3 {[%clk 1:17:56]} Qxb3
{[%clk 1:29:18]} 9. axb3 {[%clk 1:18:10]} Bc2 {[%clk 1:29:36]} 10. e4
{[%clk 1:08:37]} dxe4 {[%clk 1:21:05]} 11. Kd2 {[%clk 1:07:52]} Bxb3
{[%clk 1:19:36]} 12. fxe4 {[%clk 1:07:39]} Bb4 {[%clk 1:18:18]} 13. Bd3
{[%clk 1:07:56]} c5 {[%clk 1:17:39]} 14. Ke2 {[%clk 1:01:01]} Nc6
{[%clk 1:17:37]} 15. Nf3 {[%clk 0:56:50]} O-O-O {[%clk 1:09:49]} 16. d5
{[%clk 0:44:41]} exd5 {[%clk 1:09:21]} 17. exd5 {[%clk 0:45:06]} Rhe8+
{[%clk 0:59:30]} 18. Kf2 {[%clk 0:45:18]} Nd4 {[%clk 0:44:56]} 19. Nxd4
{[%clk 0:40:23]} cxd4 {[%clk 0:41:29]} 20. Bf5+ {[%clk 0:37:16]} Kc7
{[%clk 0:36:43]} 21. Nb5+ {[%clk 0:36:47]} Kb6 {[%clk 0:37:05]} 22. Bf4
{[%clk 0:20:45]} Bxc4 {[%clk 0:28:54]} 23. Nxa7 {[%clk 0:12:55]} Nxd5
{[%clk 0:27:41]} 24. Rhc1 {[%clk 0:12:29]} Ba6 {[%clk 0:24:41]} 25. Nc8+
{[%clk 0:06:26]} Rxc8 {[%clk 0:24:55]} 26. Bxc8 {[%clk 0:06:04]} Nxf4
{[%clk 0:25:13]} 27. Bf5 {[%clk 0:06:03]} g6 {[%clk 0:25:25]} 28. Bb1
{[%clk 0:04:00]} d3 {[%clk 0:24:49]} 29. Ra4 {[%clk 0:04:06]} Re4
{[%clk 0:23:05]} 30. Kf3 {[%clk 0:03:03]} f5 {[%clk 0:23:23]} 31. Rd1
{[%clk 0:03:08]} Bb5 {[%clk 0:23:26]} 32. Ra8 {[%clk 0:03:22]} Bc6
{[%clk 0:22:52]} 33. Rc8 {[%clk 0:03:09]} g5 {[%clk 0:21:51]} 34. Bxd3
{[%clk 0:02:37]} Nxd3 {[%clk 0:21:42]} 35. Rxc6+ {[%clk 0:02:52]} Kxc6
{[%clk 0:21:12]} 36. Rxd3 {[%clk 0:03:20]} g4+ {[%clk 0:21:21]} 37. Kf2
{[%clk 0:03:25]} Bc5+ {[%clk 0:21:09]} 38. Kf1 {[%clk 0:03:47]} Rd4
{[%clk 0:20:59]} 39. Rc3 {[%clk 0:04:09]} Kd5 {[%clk 0:21:20]} 40. Ke2
{[%clk 0:04:32]} b5 {[%clk 0:21:25]} 41. h3 {[%clk 0:04:51]} h5 {[%clk 0:21:37]}
42. hxg4 {[%clk 0:04:59]} hxg4 {[%clk 0:21:59]} 43. Rc1 {[%clk 0:05:20]} Rc4
{[%clk 0:22:03]} 44. Rf1 {[%clk 0:05:33]} Rc2+ {[%clk 0:21:57]} 45. Kd3
{[%clk 0:06:00]} Rf2 {[%clk 0:22:12]} 46. Kd4+ Ke5+ 0-1

[Event "Asian Nations Cup"]
[Site "http://asianchess.com/live/mnations/anco/"]
[Date "2016.03.31"]
[Round "4"]
[Board "2"]
[White "Salim, Issa Ali Shamas"]
[Black "Barsov, Alexei"]
[Result "1/2-1/2"]
[WhiteElo "2026"]
[BlackElo "2460"]
[PlyCount "0"]
[EventDate "2016.03.28"]
[EventType "team"]
[EventRounds "9"]
[EventCountry "UAE"]
[WhiteTeam "Oman"]
[BlackTeam "Uzbekistan"]

1. d4 {[%clk 1:30:52]} d5 {[%clk 1:30:56]} 2. c4 {[%clk 1:30:59]} e6
{[%clk 1:31:22]} 3. Nc3 {[%clk 1:31:12]} Bb4 4. cxd5 exd5 {[%clk 1:32:10]} 5. Bf4
{[%clk 1:31:10]} Nf6 {[%clk 1:31:51]} 6. e3 {[%clk 1:31:30]} c5 {[%clk 1:26:32]}
7. Bd3 {[%clk 1:25:20]} Nc6 {[%clk 1:17:51]} 8. Nge2 {[%clk 1:25:30]} cxd4
{[%clk 1:17:42]} 9. exd4 {[%clk 1:25:35]} O-O {[%clk 1:18:06]} 10. O-O
{[%clk 1:25:57]} h6 {[%clk 1:18:09]} 11. h3 {[%clk 1:26:00]} Re8 {[%clk 1:13:28]}
12. Rc1 {[%clk 1:26:02]} a6 {[%clk 1:13:09]} 13. Na4 {[%clk 1:24:02]} Ne4
{[%clk 1:10:00]} 14. f3 {[%clk 1:23:56]} Ng5 {[%clk 1:07:32]} 15. a3
{[%clk 1:23:01]} Bf8 {[%clk 1:00:26]} 16. Qd2 {[%clk 1:19:02]} Ne6
{[%clk 0:53:30]} 17. Be3 {[%clk 1:14:37]} Na5 {[%clk 0:53:27]} 18. Bb1
{[%clk 1:11:05]} Nc4 {[%clk 0:50:05]} 19. Qc2 {[%clk 1:09:36]} g6
{[%clk 0:50:08]} 20. Bf2 {[%clk 1:09:42]} b5 {[%clk 0:31:51]} 21. Nac3
{[%clk 1:09:06]} h5 {[%clk 0:32:15]} 22. f4 {[%clk 1:06:59]} Ng7 {[%clk 0:30:01]}
23. Rfe1 {[%clk 1:04:03]} Bf5 {[%clk 0:23:12]} 24. Qb3 {[%clk 1:01:55]} Bxb1
{[%clk 0:23:35]} 25. Nxb1 {[%clk 1:01:56]} Nf5 {[%clk 0:23:58]} 26. Nbc3
{[%clk 0:58:49]} h4 {[%clk 0:16:28]} 27. Rcd1 {[%clk 0:55:01]} Bg7
{[%clk 0:10:52]} 28. Qa2 {[%clk 0:52:27]} Ra7 {[%clk 0:05:19]} 29. b3
{[%clk 0:52:33]} Nb6 {[%clk 0:05:00]} 30. Qd2 {[%clk 0:51:34]} Rae7
{[%clk 0:05:25]} 31. Na2 {[%clk 0:48:18]} Qd6 {[%clk 0:02:30]} 32. Nb4
{[%clk 0:46:14]} a5 {[%clk 0:01:29]} 33. Nc2 {[%clk 0:46:27]} a4 {[%clk 0:01:38]}
34. Rb1 {[%clk 0:41:38]} axb3 {[%clk 0:01:17]} 35. Rxb3 {[%clk 0:41:56]} Nc4
{[%clk 0:01:45]} 36. Qd1 {[%clk 0:40:44]} Qd7 {[%clk 0:00:47]} 37. Kf1
{[%clk 0:37:49]} Ncd6 {[%clk 0:01:02]} 38. Nc3 {[%clk 0:36:18]} Qc6
{[%clk 0:00:32]} 39. Rxe7 {[%clk 0:34:18]} Rxe7 {[%clk 0:01:01]} 40. Qd3
{[%clk 0:31:45]} Qc4 {[%clk 0:00:38]} 41. Qxc4 {[%clk 0:31:36]} dxc4
{[%clk 0:00:59]} 42. Rb1 {[%clk 0:31:24]} Bh6 {[%clk 0:24:00]} 43. Nd5
{[%clk 1:00:49]} Ra7 {[%clk 0:23:08]} 44. Ke2 {[%clk 1:00:27]} Kf8
{[%clk 0:19:58]} 45. Kf3 {[%clk 1:00:24]} Ke8 {[%clk 0:17:07]} 46. Re1+
{[%clk 1:00:06]} 1/2-1/2